[Event "Barcelona Sant Marti op-B 23rd"]
[Site "Barcelona"]
[Date "2023.07.20"]
[Round "8"]
[White "Sanabria Gris, Pol"]
[Black "Volart Buil, Jordi"]
[Result "1-0"]
[WhiteElo "1194"]
[BlackElo "1580"]
[PlyCount "63"]
[EventDate "2023.07.13"]
[EventType "swiss"]
[EventRounds "9"]
[EventCountry "ESP"]
[SourceTitle "CBM 215 Extra"]
[Source "ChessBase"]
[SourceDate "2023.09.30"]
[SourceVersion "1"]
[SourceVersionDate "2023.09.30"]
[SourceQuality "1"]

1. e4 c5 2. Nc3 b6 3. Bc4 e6 4. d4 cxd4 5. Qxd4 a6 6. a4 Nc6 7. Qd1 Qc7 8. Nf3 Be7 9. 0-0 d6 10. Be3 Nf6 11. Bg5 h6 12. Bh4 g5 13. Bg3 Nh5 14. Nd4 Nxg3 15. fxg3 Nxd4 16. Qxd4 Qc5 17. Qxc5 bxc5 18. b3 0-0 19. Rf2 f5 20. exf5 d5 21. Nxd5 Ra7 22. Nxe7+ Rxe7 23. fxe6 a5 24. Rxf8+ Kxf8 25. Rf1+ Ke8 26. Rf6 Rh7 27. Rf5 Rc7 28. Bb5+ Ke7 29. Rf7+ Kd6 30. Rxc7 Kxc7 31. e7 Bd7 32. e8Q 1-0

[Event "Benidorm Next Generation U12/U14 15th"]
[Site "Benidorm"]
[Date "2019.11.30"]
[Round "3.7"]
[White "Sanabria Gris, Pol"]
[Black "Robledo Sanchez, Saul"]
[Result "0-1"]
[WhiteElo "1198"]
[BlackElo "1669"]
[PlyCount "80"]
[EventDate "2019.11.29"]
[EventType "swiss"]
[EventRounds "6"]
[EventCountry "ESP"]
[SourceTitle "EXT 2024"]
[Source "ChessBase"]
[SourceDate "2023.10.10"]
[SourceVersion "1"]
[SourceVersionDate "2023.10.10"]
[SourceQuality "1"]

1. e4 e5 2. Nf3 Nc6 3. Bc4 Bc5 4. Nc3 Nf6 5. d3 h6 6. 0-0 0-0 7. b3 d6 8. h3 a6 9. a4 Nd4 10. Be3 Nxf3+ 11. Qxf3 Bxe3 12. fxe3 c6 13. Rf2 Bd7 14. d4 b5 15. axb5 axb5 16. Rxa8 Qxa8 17. Bd3 Qa1+ 18. Nd1 exd4 19. exd4 Qxd4 20. c3 Qe5 21. Qf4 Be6 22. c4 bxc4 23. bxc4 Qxf4 24. Rxf4 Nd7 25. Rf2 Ne5 26. Bb1 Rb8 27. Rb2 Rxb2 28. Nxb2 Nxc4 29. Nd3 Nd2 30. Bc2 Nxe4 31. Nb4 c5 32. Nc6 Nc3 33. Ne7+ Kf8 34. Nf5 Bxf5 35. Bxf5 Ke7 36. Kf2 Kf6 37. Bc2 Ke5 38. Ke3 Nd5+ 39. Kd2 Nf4 40. Bb3 f6 0-1

[Event "Rutas de Cuenca op 6th"]
[Site "Cuenca"]
[Date "2019.07.20"]
[Round "3"]
[White "Lopez Garcia, Natalio Miguel"]
[Black "Sanabria Gris, Pol"]
[Result "1-0"]
[WhiteElo "1800"]
[BlackElo "1183"]
[PlyCount "39"]
[EventDate "2019.07.19"]
[EventType "swiss"]
[EventRounds "7"]
[EventCountry "ESP"]
[SourceTitle "CBM 195 Extra"]
[Source "ChessBase"]
[SourceDate "2020.05.31"]
[SourceVersion "1"]
[SourceVersionDate "2020.05.31"]
[SourceQuality "1"]

1. d4 e6 2. c4 Bb4+ 3. Bd2 Qe7 4. Nf3 Nf6 5. Nc3 c5 6. e3 b6 7. Be2 Bb7 8. 0-0 d5 9. cxd5 exd5 10. a3 Ba5 11. dxc5 Bxc3 12. Bb5+ Bc6 13. Bxc6+ Nxc6 14. Bxc3 bxc5 15. Bxf6 Qxf6 16. Qxd5 Na5 17. Qxa8+ Qd8 18. Qxd8+ Kxd8 19. Rfd1+ Kc7 20. Rac1 1-0

[Event "Rutas de Cuenca op 6th"]
[Site "Cuenca"]
[Date "2019.07.20"]
[Round "4"]
[White "Sanabria Gris, Pol"]
[Black "Picazo Picazo, Pedro Jesus"]
[Result "0-1"]
[WhiteElo "1183"]
[BlackElo "2025"]
[PlyCount "72"]
[EventDate "2019.07.19"]
[EventType "swiss"]
[EventRounds "7"]
[EventCountry "ESP"]
[SourceTitle "CBM 195 Extra"]
[Source "ChessBase"]
[SourceDate "2020.05.31"]
[SourceVersion "1"]
[SourceVersionDate "2020.05.31"]
[SourceQuality "1"]

1. e4 c5 2. Nf3 e6 3. Nc3 a6 4. Bd3 b5 5. e5 Bb7 6. Be4 Nc6 7. d3 Qc7 8. d4 cxd4 9. Bxc6 Bxc6 10. Qxd4 Ne7 11. Bf4 Nd5 12. Nxd5 Bxd5 13. Qd1 Rc8 14. c3 Qc4 15. Qd4 Qc6 16. Rd1 Bc5 17. Qd3 Bxa2 18. 0-0 Bc4 19. Qd2 Bxf1 20. Kxf1 Rc7 21. Be3 Be7 22. Ra1 0-0 23. Nd4 Qb7 24. Qd3 f6 25. exf6 Bxf6 26. Nf3 d5 27. Bg5 Rcf7 28. Re1 e5 29. Bxf6 e4 30. Qd1 Rxf6 31. Nd4 Rxf2+ 32. Kg1 Qf7 33. Nc2 Kh8 34. Ne3 Rxb2 35. Nxd5 Qf2+ 36. Kh1 Qxg2# 0-1

[Event "San Sebastian de los Reyes op U2200 2nd"]
[Site "San Sebastian de los Reyes"]
[Date "2019.05.18"]
[Round "3"]
[White "Sanabria Gris, Pol"]
[Black "Olias Rincon, Raul"]
[Result "0-1"]
[WhiteElo "1146"]
[BlackElo "1382"]
[PlyCount "44"]
[EventDate "2019.05.11"]
[EventType "swiss"]
[EventRounds "6"]
[EventCountry "ESP"]
[SourceTitle "EXT 2024"]
[Source "ChessBase"]
[SourceDate "2023.10.10"]
[SourceVersion "1"]
[SourceVersionDate "2023.10.10"]
[SourceQuality "1"]

1. e4 e5 2. Nf3 Nc6 3. Bb5 a6 4. Ba4 b5 5. Bb3 Nf6 6. Nc3 b4 7. Nd5 d6 8. Nxf6+ Qxf6 9. Bd5 Bb7 10. c3 Rb8 11. cxb4 Qd8 12. 0-0 Be7 13. Qa4 Qd7 14. Bxc6 Qxc6 15. Qxc6+ Bxc6 16. d4 exd4 17. Nxd4 Ba8 18. Re1 Bf6 19. Nf3 0-0 20. e5 dxe5 21. Nxe5 Rfe8 22. Bf4 g5 0-1

[Event "San Sebastian de los Reyes U1600 1st"]
[Site "San Sebastian de los Reyes"]
[Date "2018.10.06"]
[Round "2"]
[White "Fernandez Diaz, Ricardo"]
[Black "Sanabria Gris, Pol"]
[Result "1-0"]
[WhiteElo "1526"]
[BlackElo "1145"]
[PlyCount "81"]
[EventDate "2018.10.06"]
[EventType "swiss"]
[EventRounds "6"]
[EventCountry "ESP"]
[SourceTitle "CBM 187 Extra"]
[Source "ChessBase"]
[SourceDate "2018.11.04"]
[SourceVersion "1"]
[SourceVersionDate "2018.11.04"]
[SourceQuality "1"]

1. d4 e6 2. c4 Bb4+ 3. Bd2 Bxd2+ 4. Qxd2 Nf6 5. Nc3 0-0 6. Nf3 Nc6 7. e3 d6 8. Be2 e5 9. dxe5 dxe5 10. 0-0 Bg4 11. Rfd1 Qxd2 12. Rxd2 Bxf3 13. Bxf3 Rad8 14. Rad1 Rxd2 15. Rxd2 Re8 16. Ne4 Nxe4 17. Bxe4 Rd8 18. Rxd8+ Nxd8 19. Kf1 c6 20. Bf5 Ne6 21. b4 b5 22. cxb5 cxb5 23. Ke2 Kf8 24. g3 Ke7 25. Kd3 g6 26. Be4 f5 27. Bc6 Nc7 28. a3 Kd6 29. Bb7 e4+ 30. Kd4 Ne6+ 31. Kc3 Kc7 32. Bd5 Kd6 33. Bb3 Ng5 34. Kd2 Ke7 35. Ke2 Nf3 36. h4 h5 37. Bd5 g5 38. hxg5 Nxg5 39. Bc6 Ne6 40. Bxb5 f4 41. Bc6 1-0

[Event "Padron Pre-Mundial U12"]
[Site "Padron"]
[Date "2018.09.07"]
[Round "7"]
[White "Abana Martin, Hugo"]
[Black "Sanabria Gris, Pol"]
[Result "0-1"]
[WhiteElo "1212"]
[BlackElo "1132"]
[PlyCount "76"]
[EventDate "2018.09.03"]
[EventType "swiss"]
[EventRounds "9"]
[EventCountry "ESP"]
[SourceTitle "EXT 2024"]
[Source "ChessBase"]
[SourceDate "2023.10.10"]
[SourceVersion "1"]
[SourceVersionDate "2023.10.10"]
[SourceQuality "1"]

1. d4 e6 2. Nf3 Nc6 3. e3 Nf6 4. Bd3 d5 5. 0-0 Bd6 6. b3 e5 7. Bb5 Bg4 8. h3 Bxf3 9. Qxf3 a6 10. Bxc6+ bxc6 11. Bb2 e4 12. Qf5 g6 13. Qg5 h6 14. Qxf6 Qxf6 15. f3 exf3 16. Rxf3 Qh4 17. Bc3 Qe4 18. Na3 Bxa3 19. Raf1 f5 20. R1f2 Rf8 21. Rf4 Qxe3 22. Bd2 Qe7 23. R4f3 Qd7 24. Re2+ Be7 25. Bxh6 0-0-0 26. b4 Rfe8 27. Ra3 Bxb4 28. Rxa6 Kb7 29. Ra4 Rxe2 30. Rxb4+ Ka6 31. Rb3 Qd6 32. h4 g5 33. Kf1 Qxh6 34. Ra3+ Kb7 35. Rb3+ Kc8 36. Ra3 Rde8 37. Rb3 Qxh4 38. Kg1 Re1# 0-1

[Event "Tres Cantos op 10th"]
[Site "Tres Cantos"]
[Date "2018.06.21"]
[Round "1.46"]
[White "Sanabria Gris, Pol"]
[Black "Fernandez Estremera, Fernando"]
[Result "0-1"]
[WhiteElo "1114"]
[BlackElo "1860"]
[PlyCount "58"]
[EventDate "2018.06.21"]
[EventType "swiss"]
[EventRounds "9"]
[EventCountry "ESP"]
[SourceTitle "EXT 2024"]
[Source "ChessBase"]
[SourceDate "2023.10.10"]
[SourceVersion "1"]
[SourceVersionDate "2023.10.10"]
[SourceQuality "1"]

1. e4 c5 2. Nf3 a6 3. Bc4 e6 4. 0-0 b5 5. Be2 Bb7 6. Nc3 b4 7. Na4 Bxe4 8. d3 Bc6 9. b3 Bxa4 10. bxa4 Nf6 11. Bg5 Be7 12. Ne5 Nd5 13. Bxe7 Qxe7 14. Bf3 Nc3 15. Qd2 d5 16. d4 Qc7 17. Qg5 0-0 18. Qe3 c4 19. a3 a5 20. axb4 axb4 21. a5 Rxa5 22. Rxa5 Qxa5 23. Bg4 Qb6 24. Ra1 Nb5 25. f4 Qxd4 26. Qxd4 Nxd4 27. Rc1 f6 28. c3 bxc3 29. Nf3 Ne2+ 0-1

[Event "San Sebastian de los Reyes op 18th"]
[Site "San Sebastian"]
[Date "2016.12.10"]
[Round "8"]
[White "Sanabria Gris, Pol"]
[Black "Tejerina Rincon, Andres"]
[Result "1-0"]
[WhiteElo "1114"]
[BlackElo "1238"]
[PlyCount "61"]
[EventDate "2016.12.03"]
[EventType "swiss"]
[EventRounds "9"]
[EventCountry "ESP"]
[SourceTitle "CBM 176 Extra"]
[Source "ChessBase"]
[SourceDate "2017.03.02"]
[SourceVersion "1"]
[SourceVersionDate "2017.03.02"]
[SourceQuality "1"]

1. e4 e5 2. Nf3 Nc6 3. Bb5 a6 4. Bxc6 bxc6 5. Nxe5 Qe7 6. d4 Bb7 7. f3 f6 8. Nd3 Qe6 9. b3 Ne7 10. Nc5 Qf7 11. Nxb7 d6 12. Na5 d5 13. Qd3 Qe6 14. 0-0 g5 15. Re1 f5 16. Bxg5 Rg8 17. Bxe7 Bxe7 18. Nc3 Qg6 19. Re2 Qh6 20. exf5 Kf7 21. Nxc6 Bd6 22. Ne5+ Kf6 23. Ng4+ Rxg4 24. fxg4 Qxh2+ 25. Kf2 Rg8 26. Nxd5+ Kf7 27. Nxc7 Bxc7 28. Qc4+ Kf6 29. Qxg8 Bg3+ 30. Kf3 Bd6 31. Re6# 1-0

[Event "San Sebastian de los Reyes op 18th"]
[Site "San Sebastian"]
[Date "2016.12.07"]
[Round "5"]
[White "Sanabria Gris, Pol"]
[Black "Lozano Hernanz, Rodrigo"]
[Result "0-1"]
[WhiteElo "1114"]
[BlackElo "1379"]
[PlyCount "80"]
[EventDate "2016.12.03"]
[EventType "swiss"]
[EventRounds "9"]
[EventCountry "ESP"]
[SourceTitle "CBM 176 Extra"]
[Source "ChessBase"]
[SourceDate "2017.03.02"]
[SourceVersion "1"]
[SourceVersionDate "2017.03.02"]
[SourceQuality "1"]

1. e4 e5 2. Nf3 Nc6 3. Bc4 Bc5 4. d3 Nf6 5. Nc3 0-0 6. Bg5 h6 7. Bxf6 Qxf6 8. Nd5 Qd8 9. 0-0 d6 10. Nd2 Be6 11. Nc3 Bxc4 12. Nxc4 f5 13. exf5 Rxf5 14. Qg4 Rg5 15. Qe6+ Kh8 16. Ne4 Nd4 17. Qf7 Rf5 18. Qg6 d5 19. Ng3 Rg5 20. Qf7 dxc4 21. c3 Nc6 22. Ne4 Bd6 23. Nxg5 Qxg5 24. dxc4 Rf8 25. Qd5 Rf5 26. c5 e4 27. Qxe4 Bxc5 28. h4 Qf6 29. g4 Rxf2 30. Qe8+ Kh7 31. Qe4+ g6 32. Rxf2 Qxf2+ 33. Kh1 Qxh4+ 34. Kg2 Qf2+ 35. Kh3 Bd6 36. Qg2 Qe3+ 37. Kh4 Ne5 38. Rg1 Nf3+ 39. Kh3 Nxg1+ 40. Kh4 Qg5# 0-1

[Event "San Sebastian de los Reyes op 18th"]
[Site "San Sebastian"]
[Date "2016.12.04"]
[Round "2"]
[White "Vazquez Rodriguez, Francisco"]
[Black "Sanabria Gris, Pol"]
[Result "1-0"]
[WhiteElo "1529"]
[BlackElo "1114"]
[PlyCount "93"]
[EventDate "2016.12.03"]
[EventType "swiss"]
[EventRounds "9"]
[EventCountry "ESP"]
[SourceTitle "CBM 176 Extra"]
[Source "ChessBase"]
[SourceDate "2017.03.02"]
[SourceVersion "1"]
[SourceVersionDate "2017.03.02"]
[SourceQuality "1"]

1. e4 e5 2. Nf3 Nc6 3. Bb5 d6 4. d4 f6 5. d5 a6 6. Ba4 b5 7. Bb3 Na5 8. Nc3 Nxb3 9. axb3 b4 10. Ne2 f5 11. exf5 Bxf5 12. Ng3 Bg4 13. h3 Bxf3 14. Qxf3 Ra7 15. Bd2 Qe7 16. Bxb4 Nf6 17. 0-0 e4 18. Qf5 g6 19. Qe6 Rb7 20. Bc3 Bg7 21. Qxe7+ Kxe7 22. Nxe4 Nxe4 23. Bxg7 Rg8 24. Rfe1 Rxg7 25. Rxe4+ Kd7 26. Rxa6 Rb5 27. Rd4 Rc5 28. c3 Re7 29. Ra1 Rb5 30. b4 c5 31. dxc6+ Kxc6 32. Ra6+ Kb7 33. Raxd6 Re1+ 34. Kh2 Re7 35. Rd7+ Rxd7 36. Rxd7+ Kc6 37. Rd4 Rf5 38. Kg3 Kb5 39. f3 Ka4 40. Rd2 Rg5+ 41. Kf2 h5 42. Ke3 Re5+ 43. Kf4 Rf5+ 44. Ke4 Rf8 45. Kd3 Rd8+ 46. Kc2 Kb5 47. Rxd8 1-0

[Event "San Sebastian de los Reyes op 18th"]
[Site "San Sebastian"]
[Date "2016.12.03"]
[Round "1"]
[White "Sanabria Gris, Pol"]
[Black "Ortega Morales, Pedro"]
[Result "0-1"]
[WhiteElo "1114"]
[BlackElo "1809"]
[PlyCount "60"]
[EventDate "2016.12.03"]
[EventType "swiss"]
[EventRounds "9"]
[EventCountry "ESP"]
[SourceTitle "CBM 176 Extra"]
[Source "ChessBase"]
[SourceDate "2017.03.02"]
[SourceVersion "1"]
[SourceVersionDate "2017.03.02"]
[SourceQuality "1"]

1. e4 e5 2. Nf3 Nc6 3. Bc4 Be7 4. Nc3 Nf6 5. Ng5 0-0 6. Bd5 Nxd5 7. exd5 Bxg5 8. dxc6 dxc6 9. Ne4 Bf4 10. d3 Bxc1 11. Rxc1 f5 12. Ng3 Qd5 13. c4 Qxg2 14. Rf1 f4 15. Nh5 Bh3 16. Ke2 Bg4+ 17. Kd2 Bxd1 18. Rcxd1 Qg5 19. Nxg7 Qxg7 20. Rg1 Rf7 21. Rxg7+ Rxg7 22. Re1 Re8 23. d4 Rd7 24. Rg1+ Kf7 25. d5 cxd5 26. cxd5 Rxd5+ 27. Kc1 Rg8 28. Re1 Rg2 29. f3 Kf6 30. Kb1 Rdd2 0-1